000 01367nam a22003017a 4500
001 BD-DhSAU 8656
003 BD-DhSAU
005 20181213124708.0
008 150612b2009 bg a|||| m||| 00| 0 eng d
040 _aBD-DhSAU
082 _222
_a595.7
_bA1117
100 _aAlam, Md Tofayel
_eRegistration no. # 08-03205
245 _aEffect of a seed treating chemical and three plant extracts on management of APHID and sawfly infesting mustard in relation to sowimg time /
_bMS thesis
_cMd Tofayel Alam
260 _aSher-e-Bangla Agricultural Uniersity :
_bDepartment of Entomology,
_c2009.
300 _aviii, 72 p. :
_bill. ;
_c30 cm.
500 _aMS thesis of Department of Entomology, Faculty of Agriculture, Sher-e-Bangla Agricultural University, Dhaka, Bangladesh
504 _aIncludes bibliographical reference.
590 _aerfat
650 _aEntomology
650 _aEffect of a seed treating chemical and three plant extracts
650 _aManagement of APHID and sawfly infesting mustard
650 _aSowimg time
650 _aManagement of Jassid in Okra
700 _aLatif, Md Abdul
_eSuperviser
700 _aHossain, Mohammed Sakhawat
_eCo-superviser
856 _uhttp://archive.saulibrary.edu.bd:8080/xmlui/handle/123456789/1243
942 _2ddc
_cTHESIS
999 _c8656
_d8656